Nikita / (Record no. 108656)

MARC details
000 -CABECERA
campo de control de longitud fija 01233ngm a2200241 a 4500
005 - FECHA Y HORA DE LA ÚLTIMA TRANSACCIÓN
campo de control 20210219155010.0
008 - ELEMENTOS DE LONGITUD FIJA--INFORMACIÓN GENERAL
campo de control de longitud fija 041123s1989 mx 117 d daspa d
035 ## - NÚMERO DE CONTROL DEL SISTEMA
Número de control de sistema UPN01000136505
049 ## - COLECCIÓN
Colección AV
050 #4 - SIGNATURA TOPOGRÁFICA DE LA BIBLIOTECA DEL CONGRESO
Número de clasificación PVI PN 1267
245 00 - MENCIÓN DE TÍTULO
Título Nikita /
Mención de responsabilidad, etc. dir. Luc Besson.
260 ## - PUBLICACIÓN, DISTRIBUCIÓN, ETC.
Lugar de publicación, distribución, etc. Francia :
Nombre del editor, distribuidor, etc. Touchstone,
Fecha de publicación, distribución, etc. 1989.
300 ## - DESCRIPCIÓN FÍSICA
Extensión 1 videocasete (VHS) (117 min.) :
Otras características físicas son., col.
500 ## - NOTA GENERAL
Nota general Subtítulos en español
508 ## - NOTA DE CRÉDITOS DE CREACIÓN O PRODUCCIÓN
Nota de créditos de creación o producción Coproducción Francia/Italia; Gaumont Production / Cecchi Gori Group Tigre Cinematográfica
511 1# - NOTA DE PARTICIPANTES O INTÉRPRETES
Nota de participantes o intérpretes Reparto: Anne Parillaud, Jean-Hughes Anglade, Jeanne Moreau, Tcheky Karyo, Jean Bouise, Jean Reno, Philippe Leroy-Beaulieu, Roland Blanche, Jacques Boudet
520 ## - NOTA DE RESUMEN, ETC.
Sumario, etc. Sinopsis : Nikita es sentenciada a cadena perpetua por asesinato. El Estado le obliga a sellar un pacto: las autoridades declaran su defunción y se le da una nueva identidad, ofreciéndole una relativa libertad a cambio de convertirse en una asesina profesional para los servicios secretos
534 ## - NOTA SOBRE LA VERSIÓN ORIGINAL
Frase introductoria Traducción de:
Mención de título del original Nikita : la femme nikita
650 #4 - ASIENTO SECUNDARIO DE MATERIA - TERMINO TEMATICO
Término de materia o nombre geográfico como elemento de entrada MUJERES DELINCUENTES -
Subdivisión geográfica FRANCIA -
Subdivisión de forma DRAMA
650 #4 - ASIENTO SECUNDARIO DE MATERIA - TERMINO TEMATICO
Término de materia o nombre geográfico como elemento de entrada MUJERES ESPIAS -
Subdivisión geográfica FRANCIA -
Subdivisión de forma DRAMA
700 1# - ASIENTO SECUNDARIO--NOMBRE DE PERSONAL
Nombre de persona Besson, Luc,
Fechas asociadas al nombre 1959- ,
Término indicativo de función/relación dir.
905 ## - TIPO DE MATERIAL
Tipo de material Audiovisuales
Holdings
Estado de retiro Estado de pérdida Fuente del sistema de clasificación o colocación Estado dañado No para préstamo Código de colección Localización permanente Ubicación/localización actual Ubicación en estantería Total de préstamos Clasificación Código de barras Fecha visto por última vez Número de copia Tipo de ítem Koha
    Library of Congress Classification     Audiovisuales Bib. Gregorio Torres Quintero Bib. Gregorio Torres Quintero Audiovisual   PVI PN 1267 227611 31/12/2020 1 Videocasete